000 00789nam a2200229 a 4500
005 20241113063722.0
008 040908s2001 mx r 000 0 spa d
020 _a9706476199
035 _aUPN01000134607
049 _aLT
050 4 _aLB1585 M6.6
_bC6.2
100 1 _aContreras Gallegos, Diana Gloria
245 1 0 _aAmbiente y vida 6 :
_bciencias naturales y desarrollo humano /
_cDiana Gloria Contreras Gallegos, Ana María Mendoza Almaraz.
260 _aMéxico :
_bEsfinge,
_c2001.
300 _a215 p. :
_bil. col.
440 0 _aAmbiente y vida
650 4 _aCiencias naturales
_xEstudio y enseñanza (Elemental)
_92812
650 4 _aEducación ambiental
_94338
650 4 _aEducación para la salud
_95249
700 1 _aMendoza Almaraz, Ana María,
_ecoaut.
905 _aLibro
999 _c106758
_d106758